Història il·lustrada de l'esport a Catalunya / Xavier Pujadas, Carles Santacana
Descripción Física:
219 p. : il., negre i col ; 31 cm
Otros Autores:
Santacana i Torres, Carles, 1961-
Materias:
Esports -- Catalunya -- Història
MARC
| LEADER | 00000nam a2200000Ia 4500 | ||
|---|---|---|---|
| 001 | 10532; 17112 | ||
| 008 | 160829s1994 xx 000 0 cat d | ||
| 080 | |a FOL-1-123; FOL-2-78 | ||
| 100 | |a Pujadas i Martí, Xavier |9 25041 | ||
| 245 | |a Història il·lustrada de l'esport a Catalunya / Xavier Pujadas, Carles Santacana | ||
| 260 | |a Barcelona : |b Columna : |b Diputació de Barcelona, |c 1994 | ||
| 300 | |a 219 p. : |b il., negre i col ; |c 31 cm | ||
| 650 | 0 | |a Esports |z Catalunya |x Història |9 35167 | |
| 700 | |a Santacana i Torres, Carles, |d 1961- |9 25043 | ||
| 710 | 1 | |a Barcelona (Catalunya : Província). |b Diputació |9 52408 | |
| 866 | |a vol. 1 (1870-1931) ; vol. 2 (1931-1975) | ||
| 901 | |a Arxiu | ||
| 942 | |n 1 | ||
| 952 | |0 0 |1 0 |4 0 |6 FOL1123_FOL278 |7 1 |9 46795 |a Arxiu |b Arxiu |d 2016-12-01 |l 0 |o FOL-1-123; FOL-2-78 |p 10532; 17112 |r 2016-12-01 00:00:00 |w 2016-12-01 |y ARXIU | ||
| 999 | |c 50588 |d 50588 | ||